000 01523nam0a22002531 4500
001 rc\290265
005 20260407020555.0
035 _a(NLR Aleph) 005521577
090 _a5513837
_c5513837
100 _a20030307d1990 |||y0rusy50 ca
101 0 _arus
102 _aRU
105 _ay |||||||||
200 1 _aБиологически активные точки в задачах диагностики и коррекции психофизиологического состояния и эффективности деятельности человека
_eУказ. лит., 1960-1990 гг.
_fВНИИ психологии М-ва нар. образования УССР и др.
_g[Составители А.М. Карпухина и др.]
210 _aКиев
_cБ. и.
_d1990
215 _a59 с.
_d20
300 _aВ надзаг. также: Межвед. науч.-координац. совет по пробл. "Оценка, контроль и регуляция психофизиол. состояния человека-оператора на основе биологически актив. точек кожи", Респ. дом экон. и науч. техн. пропаганды о-ва "Знание" УССР
702 1 _aКарпухина
_bА.М.
_gАза Михайловна
_4220
712 0 2 _aНИИ психологии
_cКиев
_3RU\NLR\AUTH\8810005407
_9508179
801 0 _aRU
_bNLR
_gpsbo
801 1 _aRU
_bELAR
_2rusmarc
852 _aNLR
_bС
_jК-2/5135
942 _cBOOK
980 _aNB